[Event "Let's Play Chess!"]
[Site "http://www.queenalice.com/game.php?id=1263727"]
[Date "2014.3.12"]
[Round "-"]
[White "ebrizzle"]
[Black "MeisterM"]
[Result "1-0"]
[WhiteElo "1511"]
[BlackElo "1301"]

1. g3 c5 2. f4 d6 3. Nf3 Bg4 4. Bg2 Nf6 5. O-O Qa5 6. c3 Nc6 7. a3 b6 8. d4 h5
9. h3 Bf5 10. Nh4 Be4 11. Nd2 g6 12. Nxe4 Nxe4 13. Bxe4 f5 14. Bxc6+ Kd8 15.
Bxa8 e5 16. fxe5 1-0

[Event "Let's Play Chess!"]
[Site "http://www.queenalice.com/game.php?id=1263728"]
[Date "2014.3.11"]
[Round "-"]
[White "ebrizzle"]
[Black "MeisterM"]
[Result "1-0"]
[WhiteElo "1586"]
[BlackElo "1298"]

1. f4 c5 2. e3 d6 3. Nf3 Bg4 4. Be2 Nf6 5. Nc3 Nc6 6. O-O h5 7. h3 Bf5 8. d3 e5
9. e4 Bg6 10. f5 Bh7 11. Nd5 g6 12. Bg5 Be7 13. c4 O-O 14. Bh6 Re8 15. Qb3 b6
16. Qa4 Nb4 17. a3 Nbxd5 18. cxd5 Bf8 19. Bg5 a6 20. b4 b5 21. Qa5 Ra7 22. Qxd8
Rxd8 23. Bxf6 1-0

[Event "Challenge"]
[Site "http://www.queenalice.com/game.php?id=1263730"]
[Date "2014.3.10"]
[Round "-"]
[White "MariusLola"]
[Black "MeisterM"]
[Result "1-0"]
[WhiteElo "1825"]
[BlackElo "1370"]

1. d4 f5 2. c4 e6 3. g3 g6 4. Nf3 Nc6 5. Bg2 Bg7 6. e3 b6 7. O-O Ba6 8. Nfd2 Nf6
9. a3 O-O 10. b4 Bxc4 11. Nxc4 d5 12. Ne5 Ng4 13. Nxc6 Qd6 14. h3 Nf6 15. Ne5
Nh5 16. Nf3 Bh6 17. Nc3 Qc6 18. Qd3 Qa4 19. Nxa4 Bg7 20. Qc3 Rac8 21. Ng5 Nf6
22. Nxe6 Ne4 23. Bxe4 fxe4 24. Nxf8 Kxf8 25. f3 1-0

[Event "Challenge"]
[Site "http://www.queenalice.com/game.php?id=1263942"]
[Date "2014.3.10"]
[Round "-"]
[White "magalhaes_br"]
[Black "MeisterM"]
[Result "1-0"]
[WhiteElo "1446"]
[BlackElo "1316"]

1. e4 g5 2. d3 Bg7 3. Nd2 Bd4 4. Qe2 Nc6 5. c3 e6 6. cxd4 Nxd4 7. Qg4 h6 8. Ngf3
Nf6 9. Qg3 c5 10. Ne5 O-O 11. Ndc4 b6 12. Na3 d6 13. Nec4 d5 14. Nd2 Bd7 15. e5
Ne8 16. Be2 Ng7 17. Nf3 Nh5 18. Qg4 Nf6 19. Qh3 Kg7 20. Nxg5 Rh8 21. Nf3 1-0

[Event "Let's Play Chess!"]
[Site "http://www.queenalice.com/game.php?id=1264723"]
[Date "2014.3.19"]
[Round "-"]
[White "ayanami"]
[Black "MeisterM"]
[Result "1-0"]
[WhiteElo "1151"]
[BlackElo "1422"]

1. b4 f5 2. f4 e6 3. Ba3 Qh4+ 4. g3 Qg4 5. Nc3 Nf6 6. Nf3 d5 7. Bg2 Nc6 8. Nb5
Nh5 9. Rb1 Nxg3 10. hxg3 Qxg3+ 11. Kf1 Be7 12. Nxc7+ Kd7 13. Nb5 a5 14. Kg1 Qxf4
15. Rh3 1-0

[Event "Let's Play Chess!"]
[Site "http://www.queenalice.com/game.php?id=1264726"]
[Date "2014.3.14"]
[Round "-"]
[White "ebrizzle"]
[Black "MeisterM"]
[Result "1-0"]
[WhiteElo "1581"]
[BlackElo "1303"]

1. f4 d5 2. d4 e6 3. e3 b6 4. Nf3 Nf6 5. h3 Bb4+ 6. c3 Ba5 7. Bd2 Ne4 8. Bb5+
Bd7 9. Bxd7+ Kxd7 10. b4 Qh4+ 11. Ke2 1-0

[Event "AUTO-BEG-605"]
[Site "http://www.queenalice.com/game.php?id=1264781"]
[Date "2014.3.14"]
[Round "1"]
[White "MeisterM"]
[Black "zondervan"]
[Result "1-0"]
[WhiteElo "1408"]
[BlackElo "1348"]

1. d4 Nf6 2. Nf3 c5 3. c3 b6 4. Bf4 d6 5. e3 Bf5 6. Na3 Bd7 7. Ng5 e5 8. Bg3 Be7
9. Qb3 Ne4 10. Nxe4 O-O 11. Bc4 Nc6 12. Ng5 Be8 13. h4 Na5 14. Qc2 d5 15. Be2 f6
16. Qxh7# 1-0

[Event "AUTO-BEG-605"]
[Site "http://www.queenalice.com/game.php?id=1264782"]
[Date "2014.3.14"]
[Round "1"]
[White "zondervan"]
[Black "MeisterM"]
[Result "0-1"]
[WhiteElo "1330"]
[BlackElo "1445"]

1. e4 e5 2. f4 d6 3. Bc4 Nf6 4. Nc3 Bg4 5. Nf3 Nc6 6. d3 Nd4 7. Be3 Nxf3+ 8.
gxf3 Bh5 9. Qd2 Bxf3 10. Rf1 Bg4 11. fxe5 dxe5 12. Nd5 b6 13. Nxf6+ gxf6 14. Qg2
h5 15. Rd1 Rg8 0-1

[Event "Challenge"]
[Site "http://www.queenalice.com/game.php?id=1274286"]
[Date "2014.4.19"]
[Round "-"]
[White "MariusLola"]
[Black "MeisterM"]
[Result "1-0"]
[WhiteElo "1810"]
[BlackElo "1359"]

1. d4 f5 2. c4 Nf6 3. Nf3 g6 4. g3 b6 5. Bg2 Bb7 6. O-O Ne4 7. b4 d6 8. Ng5 Bh6
9. Ne6 Qc8 10. d5 Ba6 11. Bxh6 Bxc4 12. Qa4+ c6 13. Nf4 e5 14. Nd3 b5 15. Qc2
Na6 16. a3 cxd5 17. Rc1 Qb8 18. a4 Qb6 19. Bxe4 dxe4 20. Nb2 Nxb4 21. Nxc4 Qd4
22. Qc3 a5 23. Nxa5 Rxa5 24. Qc8+ Kf7 25. Qxh8 Qxa1 26. Rc7+ Ke6 27. Qg8+ Kf6
28. Qf7# 1-0

[Event "AFRICA II"]
[Site "http://www.queenalice.com/game.php?id=1300667"]
[Date "2014.8.10"]
[Round "-"]
[White "rogeriooliveira"]
[Black "MeisterM"]
[Result "1-0"]
[WhiteElo "1269"]
[BlackElo "1337"]

1. e4 d6 2. d4 Nh6 3. Bxh6 gxh6 4. e5 dxe5 5. dxe5 Nc6 6. Qe2 Bg7 7. Nf3 Bg4 8.
Nc3 h5 9. h3 Bxf3 10. Qxf3 e6 11. Rd1 Qg5 12. g3 Rd8 13. Rxd8+ Kxd8 14. Bb5 1-0

[Event "INDIA XIV"]
[Site "http://www.queenalice.com/game.php?id=1303950"]
[Date "2014.8.25"]
[Round "-"]
[White "rogeriooliveira"]
[Black "MeisterM"]
[Result "1-0"]
[WhiteElo "1249"]
[BlackElo "1357"]

1. e4 d6 2. Nf3 Bg4 3. h3 Bxf3 4. gxf3 Nc6 5. d3 g6 6. d4 Bg7 7. d5 Nd4 8. Be2
c5 9. c3 Qa5 10. Na3 b6 11. O-O h5 12. cxd4 Bxd4 13. Qe1 Qb4 14. Qxb4 1-0